[Event "Gran Canaria-ch Seniors"]
[Site "Arucas"]
[Date "2023.04.14"]
[Round "2.4"]
[White "Diaz Mendoza, Eladio"]
[Black "Camino Carrio, Nicanor"]
[Result "0-1"]
[WhiteElo "1525"]
[BlackElo "1911"]
[PlyCount "124"]
[EventDate "2023.04.12"]
[EventType "swiss"]
[EventRounds "7"]
[EventCountry "ESP"]
[SourceTitle "EXT 2024"]
[Source "ChessBase"]
[SourceDate "2023.10.10"]
[SourceVersion "1"]
[SourceVersionDate "2023.10.10"]
[SourceQuality "1"]

1. e4 c5 2. Bc4 e6 3. Nc3 Nc6 4. a3 Nf6 5. Nf3 d5 6. exd5 exd5 7. Ba2 Be7 8. d3 0-0 9. 0-0 Bg4 10. h3 Bh5 11. Bf4 Qd7 12. g4 Nxg4 13. hxg4 Qxg4+ 14. Bg3 Qxf3 15. Qxf3 Bxf3 16. Rfe1 Bf6 17. Re3 d4 18. Rxf3 dxc3 19. bxc3 Bxc3 20. Rb1 Nd4 21. Re3 b6 22. Bb3 Rfe8 23. Kg2 Nxb3 24. Rxb3 Bd4 25. Rf3 Be5 26. a4 Bxg3 27. Rxg3 Re2 28. c3 Ra2 29. Rg4 Rd8 30. d4 Rxa4 31. Kg3 cxd4 32. cxd4 Raxd4 33. Rxd4 Rxd4 34. Kf3 Kf8 35. Ke3 Rd6 36. f4 a5 37. Ke4 Ke7 38. Rc3 Kd7 39. f5 g6 40. Ra3 h6 41. fxg6 Rxg6 42. Rf3 Ke6 43. Rb3 Rg4+ 44. Kf3 Rb4 45. Re3+ Kf5 46. Re7 f6 47. Rh7 Rb3+ 48. Kg2 Kg4 49. Rxh6 Rb2+ 50. Kf1 f5 51. Rg6+ Kf3 52. Ke1 a4 53. Rc6 Ke3 54. Kd1 b5 55. Kc1 Rb4 56. Re6+ Re4 57. Rf6 f4 58. Rf5 b4 59. Kc2 f3 60. Rh5 Ke2 61. Rh2+ f2 62. Rg2 Kf3 0-1

[Event "Gran Canaria U1900 op"]
[Site "Gran Canaria"]
[Date "2022.12.28"]
[Round "2"]
[White "Rivero Pena, Himar"]
[Black "Diaz Mendoza, Eladio"]
[Result "1/2-1/2"]
[WhiteElo "1678"]
[BlackElo "1510"]
[PlyCount "60"]
[EventDate "2022.12.27"]
[EventType "swiss"]
[EventRounds "7"]
[EventCountry "ESP"]
[SourceTitle "CBM 212 Extra"]
[Source "ChessBase"]
[SourceDate "2023.03.31"]
[SourceVersion "1"]
[SourceVersionDate "2023.03.31"]
[SourceQuality "1"]

1. e4 c5 2. Nf3 e6 3. d4 cxd4 4. Nxd4 g6 5. Nd2 Bg7 6. N2f3 Nc6 7. c3 a6 8. Bd3 Nge7 9. 0-0 0-0 10. Re1 d5 11. exd5 exd5 12. Bg5 f6 13. Bf4 Nxd4 14. Nxd4 Nc6 15. Ne6 Bxe6 16. Rxe6 Re8 17. Rxe8+ Qxe8 18. Bc2 Qd7 19. Bb3 Rd8 20. Qf3 Kh8 21. Rd1 d4 22. Qe2 Re8 23. Qd2 f5 24. h3 b5 25. Bh6 Rd8 26. Bxg7+ Kxg7 27. Qf4 Qd6 28. Qf3 a5 29. cxd4 Nxd4 30. Qb7+ Rd7 1/2-1/2

[Event "Gran Canaria Santana Memorial 7th"]
[Site "Gran Canaria"]
[Date "2019.11.21"]
[Round "6"]
[White "Parsons, Alan"]
[Black "Diaz Mendoza, Eladio"]
[Result "1-0"]
[WhiteElo "1746"]
[BlackElo "1583"]
[PlyCount "99"]
[EventDate "2019.11.05"]
[EventType "swiss"]
[EventRounds "7"]
[EventCountry "ESP"]
[SourceTitle "CBM 193 Extra"]
[Source "ChessBase"]
[SourceDate "2020.01.31"]
[SourceVersion "1"]
[SourceVersionDate "2020.01.31"]
[SourceQuality "1"]

1. d4 Nf6 2. Bf4 d5 3. e3 e6 4. Nf3 a6 5. c4 Bb4+ 6. Nc3 0-0 7. Bd3 dxc4 8. Bxc4 Ne4 9. Qc2 Nxc3 10. bxc3 Bd6 11. Bg3 Nd7 12. Bd3 f5 13. e4 fxe4 14. Bxe4 Nf6 15. Bh4 h6 16. 0-0 Qd7 17. Bg6 b5 18. Rfe1 Bb7 19. Bxf6 Rxf6 20. Be4 Bd5 21. Ne5 Bxe5 22. dxe5 Rf4 23. Rad1 c6 24. g3 Rf7 25. Rd4 Raf8 26. Re2 Qc7 27. Bg6 Rf3 28. Be4 R3f7 29. Bg6 Rd7 30. Qc1 c5 31. Rf4 Rdd8 32. h4 Qc6 33. Rxf8+ Rxf8 34. f4 Bf3 35. Rd2 Bd5 36. Qe1 c4 37. Qe3 Qc7 38. f5 Qe7 39. Qb6 Ra8 40. Qd6 Qa7+ 41. Kf1 Qe3 42. Rxd5 Qf3+ 43. Ke1 Qxg3+ 44. Kd2 Qg2+ 45. Kc1 Qxd5 46. fxe6 Qh1+ 47. Kb2 Qh2+ 48. Bc2 Qxh4 49. e7 Re8 50. Qe6+ 1-0

[Event "Gran Canaria Santana Memorial 7th"]
[Site "Gran Canaria"]
[Date "2019.11.12"]
[Round "3"]
[White "Monteiro Rodrigues, Carlos"]
[Black "Diaz Mendoza, Eladio"]
[Result "0-1"]
[WhiteElo "1505"]
[BlackElo "1583"]
[PlyCount "120"]
[EventDate "2019.11.05"]
[EventType "swiss"]
[EventRounds "7"]
[EventCountry "ESP"]
[SourceTitle "CBM 193 Extra"]
[Source "ChessBase"]
[SourceDate "2020.01.31"]
[SourceVersion "1"]
[SourceVersionDate "2020.01.31"]
[SourceQuality "1"]

1. e4 c5 2. Nf3 Nc6 3. Nc3 a6 4. d4 e6 5. Bc4 b5 6. Bb3 c4 7. Bxc4 bxc4 8. d5 Na7 9. 0-0 Bb4 10. Qd4 Qf6 11. e5 Qf5 12. Qxc4 Bxc3 13. Qxc3 Ne7 14. dxe6 fxe6 15. Bg5 Nd5 16. Qc5 h6 17. Bh4 Nc6 18. c4 Nf4 19. Rfe1 Nd3 20. Qd6 Nxe1 21. Rxe1 g5 22. Bg3 h5 23. h4 g4 24. Ng5 Qf8 25. Qd3 Rh6 26. Ne4 Qb4 27. Rd1 Ke7 28. a3 Qb8 29. Qe3 Rg6 30. Qc5+ Kf7 31. Qe3 Ne7 32. Nd6+ Kg7 33. Qf4 Nf5 34. Nxf5+ exf5 35. Qxf5 Qxb2 36. e6 Rxe6 37. Qg5+ Kh7 38. Qxh5+ Kg8 39. Qxg4+ Qg7 40. Qf3 Ra7 41. c5 Bb7 42. Qb3 Qg4 43. Rxd7 Qe4 44. c6 Qxc6 45. Rxb7 Rxb7 46. Qd3 Rd7 47. Qb3 a5 48. Qb8+ Kf7 49. Qh8 Rg6 50. Qh5 Qc1+ 51. Kh2 Rd1 52. Qf5+ Rf6 53. Qh5+ Ke7 54. Qe5+ Kd7 55. Qb5+ Rc6 56. Qf5+ Re6 57. Qf7+ Re7 58. Qf5+ Ke8 59. Qb5+ Kf8 60. Qf5+ Rf7 0-1

[Event "Liga Insular Gran Canaria 2a"]
[Site "Las Palmas"]
[Date "2019.03.02"]
[Round "1.2"]
[White "Diaz Mendoza, Eladio"]
[Black "Perez Cardona, Jose Fernando"]
[Result "1-0"]
[WhiteElo "1524"]
[BlackElo "1475"]
[PlyCount "65"]
[EventDate "2019.03.02"]
[EventType "team-tourn"]
[EventRounds "7"]
[EventCountry "ESP"]
[SourceTitle "EXT 2021"]
[Source "ChessBase"]
[SourceDate "2020.10.23"]
[SourceVersion "1"]
[SourceVersionDate "2020.10.23"]
[SourceQuality "1"]
[WhiteTeam "Telde Los Llanos II"]
[BlackTeam "Cadetra"]
[WhiteTeamCountry "ESP"]
[BlackTeamCountry "ESP"]

1. e4 e5 2. Bc4 Nf6 3. d3 Nc6 4. Bg5 Be7 5. Nf3 d6 6. c3 0-0 7. a3 Na5 8. Ba2 b5 9. b4 Nc6 10. 0-0 a5 11. Nbd2 axb4 12. axb4 Be6 13. Bxe6 fxe6 14. Qb3 Qd7 15. h3 d5 16. Bxf6 Bxf6 17. Nh2 Be7 18. Ng4 h5 19. exd5 exd5 20. Ne3 Rad8 21. Nc2 Ra8 22. d4 exd4 23. Nxd4 Nxd4 24. cxd4 c6 25. Nf3 Qd6 26. Rfb1 Rxa1 27. Rxa1 Qxb4 28. Qc2 c5 29. dxc5 Bxc5 30. Qg6 Bxf2+ 31. Kh1 h4 32. Ng5 Rf6 33. Ra8+ 1-0

[Event "Gran Canaria Santana Memorial 6th"]
[Site "Gran Canaria"]
[Date "2018.11.16"]
[Round "1.4"]
[White "Sanchez Quintero, Raul"]
[Black "Diaz Mendoza, Eladio"]
[Result "1/2-1/2"]
[WhiteElo "2010"]
[BlackElo "1467"]
[PlyCount "20"]
[EventDate "2018.11.16"]
[EventType "swiss"]
[EventRounds "7"]
[EventCountry "ESP"]
[SourceTitle "EXT 2024"]
[Source "ChessBase"]
[SourceDate "2023.10.10"]
[SourceVersion "1"]
[SourceVersionDate "2023.10.10"]
[SourceQuality "1"]

1. e4 e5 2. Nf3 Nc6 3. Bb5 a6 4. Ba4 b5 5. Bb3 d6 6. 0-0 Bg4 7. c3 Nf6 8. Re1 Be7 9. d3 0-0 10. Nbd2 Na5 1/2-1/2

[Event "Canarias-chT"]
[Site "Vecindario"]
[Date "2018.06.01"]
[Round "3.4"]
[White "Suarez Gonzalez, Isidro"]
[Black "Diaz Mendoza, Eladio"]
[Result "0-1"]
[WhiteElo "1313"]
[BlackElo "1470"]
[PlyCount "98"]
[EventDate "2018.05.31"]
[EventType "team-swiss"]
[EventRounds "6"]
[EventCountry "ESP"]
[SourceTitle "EXT 2019"]
[Source "ChessBase"]
[SourceDate "2018.10.10"]
[SourceVersion "1"]
[SourceVersionDate "2018.10.10"]
[SourceQuality "1"]
[WhiteTeam "Sociedad La Montana II"]
[BlackTeam "Telde Los Llanos"]
[WhiteTeamCountry "ESP"]
[BlackTeamCountry "ESP"]

1. e4 c5 2. Nc3 Nc6 3. Nf3 e5 4. Bb5 d6 5. d3 Bg4 6. Be3 h6 7. Nd5 Rc8 8. c3 a6 9. Bxc6+ bxc6 10. Qa4 Bxf3 11. gxf3 f6 12. c4 Kf7 13. Nc3 a5 14. 0-0-0 Qc7 15. h4 Rb8 16. f4 exf4 17. Bxf4 Ne7 18. Be3 Ng6 19. f4 Ne7 20. Rd2 Nc8 21. Qd1 Nb6 22. Qh5+ Kg8 23. Qf5 Qf7 24. Rg2 Rh7 25. h5 Nc8 26. Qg4 Ne7 27. f5 Rc8 28. Ne2 d5 29. b3 d4 30. Bd2 Ra8 31. Kb2 a4 32. Nf4 axb3 33. axb3 Nc8 34. Ne6 Qa7 35. Rb1 Qa3+ 36. Kc2 Qa2+ 37. Rb2 Qa7 38. Qg6 Qf7 39. Nxf8 Qxf8 40. Bf4 Kh8 41. e5 fxe5 42. Bxe5 Ne7 43. Qe6 Nxf5 44. Re2 Ne3+ 45. Kd2 Ra1 46. Bxg7+ Rxg7 47. Qxh6+ Kg8 48. Qe6+ Kh7 49. Qe4+ Kh8 0-1

[Event "Gran Canaria Galdos op 3rd"]
[Site "Gran Canaria"]
[Date "2018.04.25"]
[Round "4"]
[White "Diaz Mendoza, Eladio"]
[Black "Almeida Cubas, Mirella"]
[Result "0-1"]
[WhiteElo "1539"]
[BlackElo "1263"]
[PlyCount "122"]
[EventDate "2018.04.18"]
[EventType "swiss"]
[EventRounds "5"]
[EventCountry "ESP"]
[SourceTitle "EXT 2024"]
[Source "ChessBase"]
[SourceDate "2023.10.10"]
[SourceVersion "1"]
[SourceVersionDate "2023.10.10"]
[SourceQuality "1"]

1. e4 c5 2. Bc4 Nc6 3. Nc3 g6 4. Nf3 Bg7 5. 0-0 d6 6. h3 Nf6 7. a3 0-0 8. d3 a6 9. Ne2 b5 10. Ba2 Bb7 11. c3 Rc8 12. Ng3 Nd7 13. Re1 Nce5 14. Nh2 c4 15. d4 Nd3 16. Re2 Nxc1 17. Qxc1 Qb6 18. Qd2 Rfd8 19. Kh1 Ba8 20. Ng4 Qb7 21. f3 e6 22. Rae1 Nf6 23. Nxf6+ Bxf6 24. Nf1 h5 25. Qf4 Qe7 26. Qe3 Bh4 27. g3 Bg5 28. f4 Bh6 29. Kh2 h4 30. g4 e5 31. g5 exf4 32. Qxf4 Bxg5 33. Qg4 Bc6 34. Bb1 Bd7 35. Qf3 Kg7 36. Ne3 Qf6 37. Qg2 Qf4+ 38. Kh1 Qg3 39. Qxg3 hxg3 40. Kg2 Bf4 41. Nd5 g5 42. Nb6 Rb8 43. Nxd7 Rxd7 44. Kf3 Rh8 45. Rh1 Rh4 46. e5 dxe5 47. dxe5 Re7 48. Bf5 Rxe5 49. Rxe5 Bxe5 50. Bg4 f5 51. Re1 fxg4+ 52. hxg4 Kf6 53. Rf1 Ke6 54. Rb1 Rh2 55. Ke3 Bf4+ 56. Kd4 Re2 57. Kc5 Be3+ 58. Kb4 g2 59. b3 cxb3 60. Kxb3 g1Q 61. Rxg1 Bxg1 0-1

[Event "Las Palmas Montalvo Memorial 11th"]
[Site "Las Palmas"]
[Date "2018.03.26"]
[Round "4"]
[White "Diaz Mendoza, Eladio"]
[Black "Ruiz Romero, Pedro"]
[Result "0-1"]
[WhiteElo "1549"]
[BlackElo "1813"]
[PlyCount "102"]
[EventDate "2018.03.24"]
[EventType "swiss"]
[EventRounds "9"]
[EventCountry "ESP"]
[SourceTitle "CBM 183 Extra"]
[Source "ChessBase"]
[SourceDate "2018.04.19"]
[SourceVersion "1"]
[SourceVersionDate "2018.04.19"]
[SourceQuality "1"]

1. e4 e5 2. Bc4 c6 3. Nc3 Nf6 4. d3 d5 5. exd5 cxd5 6. Bb5+ Nc6 7. Bg5 Be7 8. Nge2 Be6 9. 0-0 0-0 10. d4 e4 11. h3 Qb6 12. Rb1 Rfd8 13. Be3 a6 14. Ba4 Qc7 15. Nf4 b5 16. Bb3 Na5 17. Nxe6 fxe6 18. Ne2 Nc4 19. Nf4 Rd6 20. c3 Rc6 21. a3 Bd6 22. Nxe6 Bh2+ 23. Kh1 Rxe6 24. Bxc4 bxc4 25. Bg5 Bf4 26. Bh4 Rb8 27. g3 Bh6 28. g4 Bf4 29. g5 Nd7 30. Qg4 Qd6 31. Rg1 Rg6 32. Bg3 Bxg3 33. Rxg3 Rf8 34. Kg2 Qe6 35. Qe2 Qf5 36. h4 e3 37. Rf1 Qe4+ 38. f3 Qd3 39. Re1 Re6 40. Rg4 Nb6 41. f4 Re4 42. Kf3 Rexf4+ 43. Kg3 Qe4 44. Kh3 Rf3+ 45. Rg3 Qf5+ 46. Kh2 Rf2+ 47. Rg2 Qf4+ 48. Kg1 Rxe2 49. Rexe2 Qf1+ 50. Kh2 Rf2 51. Rexf2 exf2 0-1

[Event "Las Palmas Montalvo Memorial 11th"]
[Site "Las Palmas"]
[Date "2018.03.25"]
[Round "2"]
[White "Quintana Marrero, Pedro Jesus"]
[Black "Diaz Mendoza, Eladio"]
[Result "1-0"]
[WhiteElo "1879"]
[BlackElo "1549"]
[PlyCount "87"]
[EventDate "2018.03.24"]
[EventType "swiss"]
[EventRounds "9"]
[EventCountry "ESP"]
[SourceTitle "CBM 183 Extra"]
[Source "ChessBase"]
[SourceDate "2018.04.19"]
[SourceVersion "1"]
[SourceVersionDate "2018.04.19"]
[SourceQuality "1"]

1. e4 c5 2. Nf3 b6 3. d4 cxd4 4. Nxd4 g6 5. Nc3 Bg7 6. Be3 Bb7 7. Bc4 Nc6 8. f3 Rc8 9. Bb3 d6 10. Qd2 Nf6 11. 0-0-0 Nd7 12. Nxc6 Bxc6 13. Bh6 0-0 14. h4 Nc5 15. h5 Nxb3+ 16. axb3 Bxc3 17. Qxc3 e5 18. Qd2 Re8 19. hxg6 fxg6 20. Bg5 Qc7 21. Qxd6 Qf7 22. Rh6 Bb5 23. Qd5 Qxd5 24. Rxd5 Bc6 25. Rd6 Rc7 26. Rh1 b5 27. Rhd1 b4 28. Bd8 Rc8 29. Ba5 Bb5 30. Bxb4 Ra8 31. Bc3 Re7 32. R6d5 Be8 33. Rxe5 Rxe5 34. Bxe5 a5 35. Bc3 a4 36. bxa4 Bxa4 37. b3 Bb5 38. Bd4 Kf7 39. c4 Be8 40. Kb2 h5 41. Ra1 Rb8 42. Kc3 Rb7 43. Ra7 Rxa7 44. Bxa7 1-0

[Event "Las Palmas Montalvo Memorial 11th"]
[Site "Las Palmas"]
[Date "2018.03.24"]
[Round "1"]
[White "Guerra Arrocha, Daniel"]
[Black "Diaz Mendoza, Eladio"]
[Result "1-0"]
[WhiteElo "2137"]
[BlackElo "1549"]
[PlyCount "61"]
[EventDate "2018.03.24"]
[EventType "swiss"]
[EventRounds "9"]
[EventCountry "ESP"]
[SourceTitle "CBM 183 Extra"]
[Source "ChessBase"]
[SourceDate "2018.04.19"]
[SourceVersion "1"]
[SourceVersionDate "2018.04.19"]
[SourceQuality "1"]

1. e4 c5 2. Nf3 Nc6 3. Bb5 Nd4 4. Nxd4 cxd4 5. 0-0 a6 6. Bc4 e5 7. Qh5 Qf6 8. f4 g6 9. Qxe5+ Be7 10. d3 d6 11. Qxf6 Nxf6 12. e5 Nh5 13. Nd2 0-0 14. Ne4 dxe5 15. fxe5 Bf5 16. Bh6 Rfe8 17. g4 Be6 18. Bxe6 fxe6 19. gxh5 Rac8 20. Nf6+ Bxf6 21. Rxf6 gxh5 22. Raf1 b5 23. Kh1 Kh8 24. Rf8+ Rxf8 25. Rxf8+ Rxf8 26. Bxf8 Kg8 27. Bc5 Kf7 28. Kg2 Kg6 29. Kf3 Kf5 30. Bxd4 a5 31. c4 1-0

[Event "Las Palmas Insular-chT Segunda 1718"]
[Site "Las Palmas"]
[Date "2017.11.11"]
[Round "2.4"]
[White "Garcia Caballero, Luis"]
[Black "Diaz Mendoza, Eladio"]
[Result "1-0"]
[WhiteElo "1760"]
[BlackElo "1543"]
[PlyCount "118"]
[EventDate "2017.10.28"]
[EventType "team-swiss"]
[EventRounds "9"]
[EventCountry "ESP"]
[SourceTitle "EXT 2019"]
[Source "ChessBase"]
[SourceDate "2018.10.10"]
[SourceVersion "1"]
[SourceVersionDate "2018.10.10"]
[SourceQuality "1"]
[WhiteTeam "Villa de Teror II"]
[BlackTeam "Telde Los Llanos II"]
[WhiteTeamCountry "ESP"]
[BlackTeamCountry "ESP"]

1. e4 c5 2. Nf3 a6 3. d4 e6 4. c4 cxd4 5. Nxd4 Nc6 6. Nc3 Bb4 7. Qd3 Nge7 8. Nc2 Bc5 9. Be3 Nb4 10. Nxb4 Bxb4 11. a3 Ba5 12. b4 Bc7 13. Be2 0-0 14. 0-0 Ng6 15. f4 Qh4 16. e5 f5 17. g3 Qd8 18. Bf3 Bb6 19. c5 Ba7 20. Na4 Ne7 21. Rfd1 Nc6 22. Nb2 Bb8 23. Nc4 Bc7 24. Nd6 Bxd6 25. Qxd6 Qe7 26. Rac1 Qxd6 27. cxd6 Rf7 28. Rc4 Rb8 29. Bb6 Rf8 30. Rdc1 Ra8 31. a4 g6 32. b5 axb5 33. axb5 Ra3 34. Bd1 Ra8 35. bxc6 bxc6 36. Bc2 Ba6 37. Rb4 Bb5 38. Bb3 Kf7 39. Bc4 Bxc4 40. Rcxc4 h6 41. Ra4 Rfc8 42. Kf2 g5 43. Ke3 Kg6 44. Kd4 Kf7 45. Kc5 Rg8 46. Bc7 Kg6 47. Kb6 Rxa4 48. Rxa4 Kh5 49. Kb7 Kg4 50. Ra8 Rg7 51. Rd8 Kh3 52. Bb6 Kxh2 53. Kc7 Kxg3 54. Rxd7 Rg6 55. Re7 Kxf4 56. d7 h5 57. Kd6 Rg8 58. Re8 Rxe8 59. dxe8Q h4 1-0

[Event "Las Palmas Cabildo op"]
[Site "Las Palmas"]
[Date "2017.03.31"]
[Round "7"]
[White "Aguilera Suarez, Antonio"]
[Black "Diaz Mendoza, Eladio"]
[Result "0-1"]
[WhiteElo "1784"]
[BlackElo "1641"]
[PlyCount "92"]
[EventDate "2017.03.10"]
[EventType "swiss"]
[EventRounds "7"]
[EventCountry "ESP"]
[SourceTitle "EXT 2018"]
[Source "ChessBase"]
[SourceDate "2017.10.13"]
[SourceVersion "1"]
[SourceVersionDate "2017.10.13"]
[SourceQuality "1"]

1. e4 e5 2. f4 d6 3. Nf3 Bg4 4. Bc4 Be7 5. d4 Bxf3 6. Qxf3 exd4 7. 0-0 Nc6 8. c3 dxc3 9. Nxc3 Nf6 10. Be3 0-0 11. Rad1 Qe8 12. Bf2 a6 13. a3 Rb8 14. Rfe1 h6 15. h3 Nd8 16. Nd5 Nxd5 17. Bxd5 c6 18. Ba2 Qd7 19. Bb6 Ne6 20. e5 d5 21. Bb1 Bc5+ 22. Bxc5 Nxc5 23. f5 Rbe8 24. b4 Na4 25. Qb3 Nb6 26. Qd3 Qc7 27. e6 f6 28. Qb3 Nc4 29. a4 b5 30. a5 Re7 31. Bd3 Ne5 32. Be2 Rc8 33. Qc3 Qa7+ 34. Qd4 Kf8 35. Bf1 Qc7 36. Qc5 Qa7 37. Rc1 Qxc5+ 38. Rxc5 Rec7 39. Be2 Ke7 40. Kf2 Kd6 41. Ke3 Rg8 42. Kf4 g6 43. g4 gxf5 44. gxf5 Rg2 45. Rc3 Rcg7 46. Bg4 Rb2 0-1

[Event "Gran Canaria Santana Memorial 5th"]
[Site "Gran Canaria"]
[Date "2017.02.21"]
[Round "6"]
[White "Diaz Mendoza, Eladio"]
[Black "Martin Perez, Francisco Jose"]
[Result "1/2-1/2"]
[WhiteElo "1628"]
[BlackElo "1784"]
[PlyCount "113"]
[EventDate "2017.02.03"]
[EventType "swiss"]
[EventRounds "7"]
[EventCountry "ESP"]
[SourceTitle "CBM 177 Extra"]
[Source "ChessBase"]
[SourceDate "2017.04.27"]
[SourceVersion "1"]
[SourceVersionDate "2017.04.27"]
[SourceQuality "1"]

1. e4 c5 2. c4 e5 3. Nc3 Nc6 4. Nf3 Be7 5. Be2 Nf6 6. d3 d6 7. h3 h6 8. 0-0 0-0 9. a3 a6 10. Rb1 Nd4 11. Nxd4 cxd4 12. Na2 Be6 13. Bd2 b5 14. b3 Nd7 15. Nb4 Qb6 16. Bg4 Nc5 17. Bxe6 fxe6 18. Qe2 Rab8 19. Rfc1 a5 20. Nc2 bxc4 21. bxc4 Qc7 22. f3 Nb3 23. Rd1 Qc6 24. Be1 Rb7 25. Na1 a4 26. Bb4 Rfb8 27. Nxb3 axb3 28. Rxb3 d5 29. cxd5 exd5 30. Rdb1 dxe4 31. fxe4 Bg5 32. R3b2 Be3+ 33. Kh1 Qg6 34. Rf1 Bf4 35. Rf3 Qe6 36. Rc2 g5 37. g4 Rc8 38. Rf2 Rbc7 39. Rxc7 Rxc7 40. Kg2 Kg7 41. Qb2 Qa6 42. Rc2 Rf7 43. Rc4 Be3 44. Be1 Qf6 45. Qe2 Qb6 46. a4 Ra7 47. a5 Qb1 48. Rc5 Rb7 49. Rc2 Ra7 50. Rb2 Qa1 51. Rb5 Rc7 52. Rxe5 Rc1 53. Bf2 Rg1+ 54. Bxg1 Qxg1+ 55. Kf3 Qh1+ 56. Qg2 Qd1+ 57. Qe2 1/2-1/2